La ley No. 1801 y la letra auténtica del himno nacional (Registro nro. 243)

Detalles MARC
000 -Cabecera
Campo de control interno 00622nam a2200205Ia 4500
005 - Fecha y hora del registro
control field 20251205092407.0
008 - Elementos de Longitud Fija
fixed length control field 251203t1983||||xx |||||||||||||| ||spa||
041 ## - Idioma
Codigo Idioma ESP
082 ## - DEWEY y NOTACIÓN INTERNA
Dewey 782.270985
Notación Interna P77
100 ## - AUTOR
Autor denominación Pons Muzzo, Gustavo,
Títulos y otras palabras asociadas con el nombre AUT
245 #0 - TÍTULO DE MATERIAL BIBLIOGRÁFICO
Título La ley No. 1801 y la letra auténtica del himno nacional
260 ## - CIUDAD, EDITORIAL, AÑO
Ciudad Lima :
Nombre de la Editorial Librería Distribuidora Bazar "San Miguel"
Año 1983
300 ## - DESCRIPCIÓN
N° Páginas 126 páginas :
Otros detalles retrato, ilustraciones ;
Dimensiones 24 cm.
500 ## - NOTA GENERAL
Nota General Son dos ejemplares
650 ## - TEMAS
Temas Las Artes
653 ## - DESCRIPTORES
Lenguajes no controlado Himnos nacionales - Perú – Historia;
654 ## - PROGRAMAS
Programa Todos los programas
942 ## - ELEMENTOS DE KOHA
Tipo de documento Libro
Nombre del creador Justo Noguera
Código de catalogador Margarita Torres
Esquema de clasificación Dewey Decimal Classification
Existencias
Codigo completo Registro Colección Copia número Disponibilidad Tipo de préstamo Biblioteca Actual Procedencia (Biblioteca) Ubicacón Fecha Ingreso Tipo de Adquisición Date last seen Total checkouts Price effective from Tipo de Item Estado del Material Fuente de Clasificación Damaged status Withdrawn status
782.270985 P77 1085116 Colección Vera Bejar 2   Restringido Víctor Andrés Belaunde Víctor Andrés Belaunde Planta baja cerrada 03/12/2025 Donación 03/12/2025   03/12/2025 Libro Bueno Dewey Decimal Classification   Withdrawn